| 000 -LEADER |
| fixed length control field |
01580cam a22003494a 4500 |
| 001 - CONTROL NUMBER |
| control field |
14290403 |
| 005 - DATE AND TIME OF LATEST TRANSACTION |
| control field |
20230717145618.0 |
| 008 - FIXED-LENGTH DATA ELEMENTS--GENERAL INFORMATION |
| fixed length control field |
060307s2007 nyua bf 001 0 eng |
| 010 ## - LIBRARY OF CONGRESS CONTROL NUMBER |
| LC control number |
2006923499 |
| 020 ## - INTERNATIONAL STANDARD BOOK NUMBER |
| International Standard Book Number |
0387329307 (acidfree paper) |
| 020 ## - INTERNATIONAL STANDARD BOOK NUMBER |
| International Standard Book Number |
9780387887142X (electronic bk.) |
| 020 ## - INTERNATIONAL STANDARD BOOK NUMBER |
| International Standard Book Number |
0387329315 (electronic bk.) |
| 040 ## - CATALOGING SOURCE |
| Original cataloging agency |
DLC |
| Transcribing agency |
DLC |
| Modifying agency |
DLC |
| 050 00 - LIBRARY OF CONGRESS CALL NUMBER |
| Classification number |
RJ506.D47 |
| Item number |
H358 2007 |
| 080 ## - UNIVERSAL DECIMAL CLASSIFICATION NUMBER |
| Universal Decimal Classification number |
159.922 H-22 |
| 245 00 - TITLE STATEMENT |
| Title |
Handbook of intellectual and developmental disabilities / |
| Statement of responsibility, etc. |
edited by John W. Jacobson, James A. Mulick, Johannes Rojahn. |
| 260 ## - PUBLICATION, DISTRIBUTION, ETC. |
| Place of publication, distribution, etc. |
New York : |
| Name of publisher, distributor, etc. |
Springer, |
| Date of publication, distribution, etc. |
c2007. |
| 300 ## - PHYSICAL DESCRIPTION |
| Extent |
xx, 726 p. : |
| Other physical details |
ill. ; |
| Dimensions |
26 cm. |
| 490 0# - SERIES STATEMENT |
| Series statement |
Issues on clinical child psychology |
| 504 ## - BIBLIOGRAPHY, ETC. NOTE |
| Bibliography, etc. note |
Includes bibliographical references and index. |
| 650 #0 - SUBJECT ADDED ENTRY--TOPICAL TERM |
| Topical term or geographic name entry element |
Developmental disabilities |
| Form subdivision |
Handbooks, manuals, etc. |
| 9 (RLIN) |
19389 |
| 650 #0 - SUBJECT ADDED ENTRY--TOPICAL TERM |
| Topical term or geographic name entry element |
Mental retardation |
| Form subdivision |
Handbooks, manuals, etc. |
| 9 (RLIN) |
19390 |
| 653 ## - INDEX TERM--UNCONTROLLED |
| keyword |
Გონებრივი ჩამორჩენილობა |
| 700 1# - ADDED ENTRY--PERSONAL NAME |
| Personal name |
Jacobson, John W. რედაქტორი |
| 9 (RLIN) |
19391 |
| 700 1# - ADDED ENTRY--PERSONAL NAME |
| Personal name |
Mulick, James A. რედაქტორი |
| Fuller form of name |
(James Anton), |
| Dates associated with a name |
1948- |
| 9 (RLIN) |
19392 |
| 700 1# - ADDED ENTRY--PERSONAL NAME |
| Personal name |
Rojahn, Johannes. რედაქტორი |
| 9 (RLIN) |
19393 |
| 856 41 - ELECTRONIC LOCATION AND ACCESS |
| Materials specified |
Table of contents only |
| Uniform Resource Identifier |
http://www.loc.gov/catdir/toc/fy0707/2006923499.html |
| 856 42 - ELECTRONIC LOCATION AND ACCESS |
| Materials specified |
Publisher description |
| Uniform Resource Identifier |
http://www.loc.gov/catdir/enhancements/fy0814/2006923499-d.html |
| 906 ## - LOCAL DATA ELEMENT F, LDF (RLIN) |
| a |
7 |
| b |
cbc |
| c |
orignew |
| d |
2 |
| e |
epcn |
| f |
20 |
| g |
y-gencatlg |
| 942 ## - ADDED ENTRY ELEMENTS (KOHA) |
| Source of classification or shelving scheme |
|
| Koha item type |
წიგნი |